000 00513nam a2200181 i 4500
001 27389
003 ES-MaACL
005 20240515063029.0
007 t|
008 030114s1971 sp ||||1| spa d
100 1 _aAyala, Francisco,
_d1906-2009
_924111
245 1 3 _aEl jardín de las delicias /
_cFrancisco Ayala.
250 _a1ª ed.
260 _aBarcelona :
_bSeix Barral,
_c[1971]
300 _a175 p., 8 lám. ;
_c20 cm.
852 _aES-MaACL
_jC-39258
_bR.78489
999 _c27389
_d27389